La evolución mística: en el desenvolvimiento y vitalidad de la iglesia

Saved in:
Bibliografiske detaljer
Hovedforfatter: Arintero, Juan G (Author)
Format: Bog
Sprog:spansk
Udgivet: Madrid Biblioteca de Autores Cristianos 1952
Serier:Biblioteca de Autores Cristianos
Fag:
Tags: Tilføj Tag
Ingen Tags, Vær først til at tagge denne postø!

MARC

LEADER 00000nam a2200000 a 4500
001 UCL5736
003 CL-VaPUC
008 040319e19520000SP |||||||||||||||||spa|d
082 0 4 |a 248.22  |b ARI  |2 21 
100 0 |a Arintero, Juan G  |e author  |9 483421 
245 1 3 |a La evolución mística: en el desenvolvimiento y vitalidad de la iglesia 
300 |a 804 p 
942 |c BK 
945 |d 20040319 00:00:00  |a vberengu 
260 |a Madrid  |b Biblioteca de Autores Cristianos  |c 1952 
650 0 |a Misticismo  |9 265505 
650 0 |a Espiritualidad   |9 267331 
583 |a last modification  |c 20040319 00:00:00  |k Rodrigo Vera 
490 0 |a Biblioteca de Autores Cristianos 
999 |c 308165  |d 308163 
952 |0 0  |1 0  |4 0  |6 248_220000000000000_ARI_1952  |7 0  |8 A  |9 374445  |a BIBTEO  |b BIBTEO  |d 2019-11-21  |i 2106469  |o 248.22 ARI 1952  |p 2106469  |r 2025-01-17  |w 2019-11-21  |y BK  |k ICR